000 01027nam a2200253 i 4500
001 bg
100 1 _aMRUK, Andrzej
245 1 0 _aBadania nad zastosowaniem termoizolacyjnych powłok ceramicznych na bazie ZrO~(2 w budowie silników spalinowych /
_cAndrzej Mruk.
260 _aKraków :
_bPK,
_c1995.
300 _a104, [1] s. :
_bfot., rys., wykr. ;
_c24 cm.
490 1 _aMonografia / Politechnika Krakowska im. Tadeusza Kościuszki. Mechanika,
_x0860-097X ;
_v198
504 _aBibliogr. s. 91-99. - Rés., rez., summ.
650 9 _aCeramika
_xmateriały
_xstosowanie
_xtechnika
650 9 _aCyrkon
_xzwiązki
_xstosowanie
_xtechnika
650 9 _aIzolacje cieplne
_xstosowanie
_xtechnika
650 9 _aPowłoki
_xmateriały
_xbadanie
650 9 _aSilniki wysokoprężne
_xbudowa i konstrukcje
_xzagadnienia
830 0 _aMonografia (Politechnika Krakowska im. Tadeusza Kościuszki).
_pMechanika
040 _cBPK
041 0 _apl
_benfrru
080 _a621.43
942 _cKS
008 s pl f |000 0 pol
999 _c31038
_d31038
856 _uhttp://koha.tu.koszalin.pl/cgi-bin/koha/opac-detail.pl?biblionumber=31038
_yKatalog online BPK